Marriage customs in Nepal (Record no. 260816)

MARC details
000 -LEADER
fixed length control field 00759nam a2200253Ia 4500
003 - CONTROL NUMBER IDENTIFIER
control field OSt
005 - DATE AND TIME OF LATEST TRANSACTION
control field 20220918214514.0
008 - FIXED-LENGTH DATA ELEMENTS--GENERAL INFORMATION
fixed length control field 220917b |||||||| |||| 00| 0 eng d
037 ## - SOURCE OF ACQUISITION
Terms of availability Textual
040 ## - CATALOGING SOURCE
Original cataloging agency ARTS
Transcribing agency ARTS
Language of cataloging eng
041 ## - LANGUAGE CODE
Source of code eng
Language code of text/sound track or separate title eng
100 ## - MAIN ENTRY--PERSONAL NAME
Personal name Majupuria Indra
9 (RLIN) 131542
245 #0 - TITLE STATEMENT
Title Marriage customs in Nepal
Remainder of title Ethnic groups their marriage customs and traditions
260 ## - PUBLICATION, DISTRIBUTION, ETC.
Place of publication, distribution, etc. NA
Name of publisher, distributor, etc. NA
Date of publication, distribution, etc. 1977
300 ## - PHYSICAL DESCRIPTION
Extent 204p.
Dimensions cm.
650 ## - SUBJECT ADDED ENTRY--TOPICAL TERM
Topical term or geographic name entry element SOCIOLOGY
700 ## - ADDED ENTRY--PERSONAL NAME
Personal name Majupuria Trilok Chandra
9 (RLIN) 131543
942 ## - ADDED ENTRY ELEMENTS (KOHA)
Classification part Y:356(Q:427).245, L7
Koha item type Textual
Source of classification or shelving scheme Colon Classification (CC)
Holdings
Withdrawn status Lost status Damaged status Not for loan Home library Current library Date acquired Total Checkouts Full call number Barcode Date last seen Price effective from Koha item type
        Arts Library Arts Library 2022-09-18   Y:356(Q:427).245 L7 AL0595083 2022-09-18 2022-09-18 Textual
Copyright @ Delhi University Library System